Joy at work : (Record no. 2504)

MARC details
000 -LEADER
fixed length control field 00847nac a22002291u 4500
010 ## - LIBRARY OF CONGRESS CONTROL NUMBER
LC control number 2004116572
020 ## - INTERNATIONAL STANDARD BOOK NUMBER
International Standard Book Number 0976268604
035 ## - SYSTEM CONTROL NUMBER
System control number (OCoLC)ocm57707154
082 04 - DEWEY DECIMAL CLASSIFICATION NUMBER
Classification number 658.314
Item number B1688
090 ## - LOCALLY ASSIGNED LC-TYPE CALL NUMBER (OCLC); LOCAL CALL NUMBER (OCLC)
-- 2504
-- 2504
100 ## - MAIN ENTRY--PERSONAL NAME
Personal name Bakke, Dennis.
245 10 - TITLE STATEMENT
Title Joy at work :
Remainder of title a revolutionary approach to fun on the job /
Statement of responsibility, etc Dennis W. Bakke.
260 ## - PUBLICATION, DISTRIBUTION, ETC. (IMPRINT)
Place of publication, distribution, etc Seattle, WA :
Name of publisher, distributor, etc PVG,
Date of publication, distribution, etc 2005.
300 ## - PHYSICAL DESCRIPTION
Extent 314 p., [8] p. of plates :
Other physical details ill. ;
Dimensions 25 cm.
500 ## - GENERAL NOTE
General note Shuaa.
504 ## - BIBLIOGRAPHY, ETC. NOTE
Bibliography, etc Includes bibliographical references (p. 299-304) and index.
650 #0 - SUBJECT ADDED ENTRY--TOPICAL TERM
Topical term or geographic name as entry element Leadership.
650 #0 - SUBJECT ADDED ENTRY--TOPICAL TERM
Topical term or geographic name as entry element Organizational change.
650 #0 - SUBJECT ADDED ENTRY--TOPICAL TERM
Topical term or geographic name as entry element Strategic planning.
942 ## - ADDED ENTRY ELEMENTS (KOHA)
Item type Book - Borrowing
Call number prefix 658.314 B1688
Holdings
Withdrawn status Item status Damaged status Not for loan Home library Current library Shelving location Date acquired Source of acquisition Total Checkouts Total Renewals Full call number Barcode Date last seen Date last borrowed Koha item type
        Central Library Central Library First floor 21/02/2007 Purchase 4 3 658.314 BAK 000001749 15/07/2025 24/04/2016 Book - Borrowing